| 000 | 00733nam a2200253 a 4500 | ||
|---|---|---|---|
| 001 | 34537 | ||
| 003 | BD-RjUL | ||
| 005 | 20211209052156.0 | ||
| 008 | 140517s1976 ii b 001 0 eng | ||
| 035 | _a(BD-RjUL)34631 | ||
| 040 |
_aCAN _beng _cCAN _dXNTU _dBD-RjUL |
||
| 041 | _aeng | ||
| 082 | 0 | 4 |
_a307.760954 _bTRU 1976 |
| 100 | 1 |
_aTrivedi, Harshad R. _9105048 |
|
| 245 | 1 | 0 |
_aUrbanism : _ba new outlook / _cHarshad R. Trivedi ; foreword by Deva Raj. |
| 250 | _a1st ed. | ||
| 260 |
_aDelhi : _bAtma Ram, _c1976. |
||
| 300 |
_axv, 209 p. ; _c22 cm. |
||
| 504 | _aBibliography: p. [195]-206.and index. | ||
| 650 | 0 |
_aUrbanization _zIndia. _9105049 |
|
| 650 | 0 |
_aSociology, Urban. _9105050 |
|
| 942 |
_2ddc _cBK |
||
| 999 |
_c34537 _d34537 |
||